| 000 | 00390cam a2200145ua 4500 | ||
|---|---|---|---|
| 041 |
_aeng _h |
||
| 082 |
_a928.23 _bQUI/CO |
||
| 100 | _aQuincey, Thomas De . | ||
| 245 |
_aConfessions of an English opium eater / _cThomas de Quincey. _hTextual Documents |
||
| 260 |
_aCalcutta : _bOxford University Press , _c1960. |
||
| 300 | _a303 ; . | ||
| 504 | _a | ||
| 942 | _cBK | ||
| 999 |
_c5783 _d5783 |
||